Statistics for Countries Closest to the Tropic of Cancer A-Z

Click here to take the quiz!

General Stats

  • This quiz has been taken 18 times
  • The average score is 19 of 24

Answer Stats

LetterAnswer% Correct
MMexico / Mauritania / Mali / Myanmar
100%
OOman
100%
QQatar
100%
YYemen
100%
ZZambia
100%
AAlgeria
93%
DDominican Republic
93%
FFrance
93%
HHaiti
93%
JJamaica
93%
BBahamas / Bangladesh
86%
IIran
86%
CChina
79%
UUnited Arab Emirates
79%
GGuatemala
71%
LLibya
71%
NNiger
71%
PPakistan
71%
EEgypt
64%
RRepublic of the Congo
64%
SSaudi Arabia
64%
VVietnam
64%
KKuwait
50%
TTaiwan
43%

Score Distribution

Percentile by Number Answered

Percent of People with Each Score

Your Score History

You have not taken this quiz